En torno a la traducción de los prefijos verbales eslovacos al espaňol

Uložené v:
Podrobná bibliografia
Hlavný autor: Sánchez Presa, Mónica
Médium: Kapitola
Jazyk:Spanish
Tagy: Pridať tag
Žiadne tagy, Buďte prvý, kto otaguje tento záznam!

MARC

LEADER 00000naa$a2200000$$$4500
001 0142247
005 20240502072541.0
041 0 |a spa 
044 |a SK 
245 1 0 |a En torno a la traducción de los prefijos verbales eslovacos al espaňol  |c Mónica Sánchez Presa 
100 1 |a Sánchez Presa, Mónica